Riconosci il Pokémon - Quiz n°100 - Statistics

Statistiche generali
  • Questo quiz è stato fatto 10 volte
  • Il punteggio medio è 10 su 10
Statistiche sulle risposte
Indizio Risposta % Corretto
Peso 0,1 kg
100%
Altezza 1,6 m
100%
Sesso 50% ♂, 50% ♀
100%
Tasso di cattura 90 (20.1%)
100%
Abilità Levitazione
100%
Tasso di allevamento Medio-Lento
100%
Generazione Prima
100%
Stadio evoluzione Prima evoluzione
100%
Tipo Spettro / Veleno
100%
Pokémon Haunter
90%
Nessun quiz corrispondente trovato
Distribuzione punteggi
Percentuale di utenti per punteggio
Percentile per numero di risposta
I tuoi punteggi nel tempo
Non hai fatto questo quiz